00485nam a2200193 a 4500001001300000003000900013005001700022008004100039020001000080082001500090100001800105245004200123260003400165300000900199500003500208505001000243650002000253700001800273nice12345678IN_TiNIC20260116011529.0050524s1961 lona grp 000 0 eng  ac10000a297.4bLIN aLings, Martin aMoslem Saint of the Twentieth Century aLondonbAllen and Unwinc1961 a222p aincludes index and biblioraphy2 aIndex aSufism-Al-Alawi1 aLings, Martin